World Travel

Gespeichert in:
Bibliographische Detailangaben
Format: Schriftenreihe
Sprache:Englisch
Veröffentlicht: Geneva World Tourism Organisation 1986
Tags: Tag hinzufügen
Keine Tags, Fügen Sie das erste Tag hinzu!

MARC

LEADER 00000nas2a2200000 4500
001 s027316
005 20250730114136.8
041 0 |a eng 
044 |a CH 
245 1 0 |a World Travel 
264 1 |a Geneva  |b World Tourism Organisation  |c 1986 
300 |a 1 zv.